000 00955nam0a22002651 4500
001 rc\2123325
005 20250623013329.0
035 _a(NLR Aleph) 006511941
090 _a6339560
_c6339560
100 _a20110829d1979 |||y0rusy50 ca
101 1 _arus
_caze
102 _aRU
105 _ac z |||a|
200 1 _aКогда молчит совесть
_eРоман
_fВидади Бабанлы
_gАвториз. пер. с азерб. Л. Либединской
210 _aМосква
_cСов. писатель
_d1979
215 _a511 с.
_cпортр.
_d20
300 _aВ вып. дан. авт.: Бабанлы Видади Юсиф оглы
606 _aУченые в Азербайджанской ССР (х. л.)
_2psbo
700 1 _aБабанлы
_bВ.
_gВидади
702 1 _aЛибединская
_bЛ.
_4730
801 0 _aRU
_bNLR
_gpsbo
801 1 _aRU
_bELAR
_2rusmarc
852 _aNLR
_j79-3/11006
942 _cBOOK
980 _aNB